Statistics for I started a joke - Bee Gees, lyrics

Click here to take the quiz!

General Stats

  • This quiz has been taken 30 times
  • The average score is 116 of 149

Answer Stats

Answer% Correct
A
100%
I
100%
Joke
100%
Started
100%
The
100%
Me
95%
On
95%
Was
95%
But
90%
My
90%
Laughing
86%
That
86%
To
86%
World
86%
And
81%
See
81%
Which
81%
Cry
76%
Whole
76%
Head
71%
No
71%
Of
71%
Oh
71%
At
67%
Crying
67%
From
67%
I’d
67%
If
67%
Only
67%
Said
67%
Didn’t
62%
Out
62%
Over
62%
Bed
57%
Eyes
57%
Fell
57%
Finally
57%
Living
57%
Seen
57%
Things
57%
Died
52%
Hurting
52%
Died
48%
Skies
48%
Yeah
48%
Hands
43%
Looked
43%
Running
43%
‘Til
38%

Score Distribution

Percentile by Number Answered

Percent of People with Each Score

Your Score History

You have not taken this quiz